Fatigue crack growth measurement and data analysis : (Record no. 11844)
[ view plain ]
| 000 -LEADER | |
|---|---|
| fixed length control field | 01469cam a2200301 a 4500 |
| 001 - CONTROL NUMBER | |
| control field | 3719028 |
| 005 - DATE AND TIME OF LATEST TRANSACTION | |
| control field | 19880314000000.0 |
| 008 - FIXED-LENGTH DATA ELEMENTS--GENERAL INFORMATION | |
| fixed length control field | 811026s1981 paua b 101 0 eng |
| 010 ## - LIBRARY OF CONGRESS CONTROL NUMBER | |
| LC control number | 80070650 |
| 040 ## - CATALOGING SOURCE | |
| Original cataloging agency | DLC |
| Transcribing agency | DLC |
| Modifying agency | DLC |
| 050 00 - LIBRARY OF CONGRESS CALL NUMBER | |
| Classification number | TA418.38 |
| Item number | .F367 |
| 082 00 - DEWEY DECIMAL CLASSIFICATION NUMBER | |
| Classification number | 620.1126 |
| Edition number | 19 |
| Item number | FAT |
| 245 00 - TITLE STATEMENT | |
| Title | Fatigue crack growth measurement and data analysis : |
| Remainder of title | a symposium / |
| Statement of responsibility, etc | sponsored by ASTM Committees E-9 on Fatigue and E-24 on Fracture Testing, American Society for Testing and Materials, Pittsburgh, Pa., 29-30 Oct., 1979 ; S.J. Hudak, Jr., and R.J. Bucci, editors. |
| 260 ## - PUBLICATION, DISTRIBUTION, ETC. (IMPRINT) | |
| Place of publication, distribution, etc | Philadelphia, Pa. : |
| Name of publisher, distributor, etc | ASTM, |
| Date of publication, distribution, etc | c1981. |
| 300 ## - PHYSICAL DESCRIPTION | |
| Extent | 370 p. : |
| Other physical details | ill. ; |
| Dimensions | 24 cm. |
| 440 #0 - | |
| -- | ASTM special technical publication ; |
| -- | 738 |
| -- | 6210 |
| 500 ## - GENERAL NOTE | |
| General note | Papers presented at the Symposium on Fatigue Crack Growth Measurement and Data Analysis. |
| 504 ## - BIBLIOGRAPHY, ETC. NOTE | |
| Bibliography, etc | Includes bibliographical references and index. |
| 650 #0 - SUBJECT ADDED ENTRY--TOPICAL TERM | |
| Topical term or geographic name as entry element | Materials |
| General subdivision | Fatigue |
| -- | Congresses. |
| 9 (RLIN) | 6211 |
| 650 #0 - SUBJECT ADDED ENTRY--TOPICAL TERM | |
| Topical term or geographic name as entry element | Fracture mechanics |
| General subdivision | Congresses. |
| 9 (RLIN) | 6212 |
| 700 1# - ADDED ENTRY--PERSONAL NAME | |
| Personal name | Hudak, S. J. |
| 9 (RLIN) | 6213 |
| 700 1# - ADDED ENTRY--PERSONAL NAME | |
| Personal name | Bucci, R. J. |
| 9 (RLIN) | 6214 |
| 710 2# - ADDED ENTRY--CORPORATE NAME | |
| Corporate name or jurisdiction name as entry element | ASTM Committee E-9 on Fatigue. |
| 9 (RLIN) | 6215 |
| 710 2# - ADDED ENTRY--CORPORATE NAME | |
| Corporate name or jurisdiction name as entry element | ASTM Committee E-24 on Fracture Testing. |
| 9 (RLIN) | 6216 |
| 711 2# - ADDED ENTRY--MEETING NAME | |
| Meeting name or jurisdiction name as entry element | Symposium on Fatigue Crack Growth Measurement and Data Analysis |
| Date of meeting | (1979 : |
| Location of meeting | Pittsburgh, Pa.) |
| 9 (RLIN) | 6217 |
| 942 ## - ADDED ENTRY ELEMENTS (KOHA) | |
| Source of classification or shelving scheme | Dewey Decimal Classification |
| Item type | Book - Borrowing |
| Withdrawn status | Item status | Source of classification or shelving scheme | Damaged status | Not for loan | Vendor | Home library | Current library | Shelving location | Date acquired | Source of acquisition | Cost, normal purchase price | Total Checkouts | Full call number | Barcode | Date last seen | Koha item type |
|---|---|---|---|---|---|---|---|---|---|---|---|---|---|---|---|---|
| Dewey Decimal Classification | Alef-Baa | Central Library | Central Library | First floor | 16/06/2009 | 150.00 | 620.1126 FAT | 000016862 | 15/07/2025 | Book - Borrowing |